|
|
|
|
| LEADER |
00000nab a2200000 ar4500 |
| 001 |
vtls010069039 |
| 003 |
SK-MaSNL |
| 005 |
20260304184100.0 |
| 008 |
250708c2009 xo |r|||||||||000 b|slo |
| 015 |
|
|
|a SNBRB2010/02
|2 snkbucl
|
| 035 |
|
|
|a (uuid)e1b32776-e63e-41c7-b744-f874be8725ef
|
| 035 |
|
|
|a urn:nbn:sk:snk-ab15p4
|
| 035 |
|
|
|a (urnnbn)urn:nbn:sk:snk:ar-a06dsv
|
| 038 |
|
|
|a SNKBUC
|
| 040 |
|
|
|a SNKBUCL
|b slo
|c SNKBUCL
|e AACR2
|
| 041 |
0 |
|
|a eng
|
| 044 |
|
|
|a xo
|c SK
|
| 080 |
|
|
|a 811.161.1`32
|2 2001
|
| 080 |
|
|
|a 81`32:811.161.1
|2 2001
|
| 080 |
|
|
|a 801.633:211.161.1-1
|2 2001
|
| 080 |
|
|
|a 821.161.1-1:801.633
|2 2001
|
| 080 |
|
|
|a 81`367.6:811.161.1-1
|2 2001
|
| 080 |
|
|
|a 82.0:801.6:821.161.1-1
|2 2001
|
| 100 |
1 |
|
|a Andrejev, Sergej
|4 aut
|9 282183
|
| 245 |
1 |
0 |
|a Evolution of style. Young and versatile periods of F. I. Tutchev
|c Sergey Andreev
|
| 300 |
|
|
|b Tab.
|
| 504 |
|
|
|a Literatúra
|
| 546 |
|
|
|a Abstrakt angl.
|
| 600 |
1 |
7 |
|a Ťutčev, Fëdor Ivanovič,
|d 1803-1873
|x básnický štýl
|2 snkbucl
|9 1516999
|
| 650 |
0 |
7 |
|a ruská poézia
|2 snkbucl
|9 66518
|
| 650 |
0 |
7 |
|a veršová štruktúra
|2 snkbucl
|9 1517000
|
| 650 |
0 |
7 |
|a jambický verš
|2 snkbucl
|9 1517001
|
| 650 |
0 |
7 |
|a slovné druhy
|2 snkbucl
|9 1321
|
| 650 |
0 |
7 |
|a dĺžka slov
|2 snkbucl
|9 1486769
|
| 650 |
0 |
7 |
|a verzológia
|2 snkbucl
|9 23707
|
| 650 |
0 |
7 |
|a matematická lingvistika
|2 snkbucl
|9 1884
|
| 655 |
|
7 |
|a štúdie
|2 snkbucl
|9 57033
|
| 773 |
0 |
|
|t Glottotheory
|g Vol. 2, no. 1 (2009), pp. 1-11
|x 1337-7892
|
| 850 |
|
|
|a Slovenská národná knižnica
|
| 852 |
|
|
|a Slovenská národná knižnica
|
| 958 |
|
|
|a article27
|
| 958 |
|
|
|a NB
|
| 958 |
|
|
|a LX
|
| 958 |
|
|
|a RU
|
| 958 |
|
|
|a OND
|
| 958 |
|
|
|a EUIPO
|
| 999 |
|
|
|c 3036729
|d 3038659
|